| 000 | 00934nam a22002535a 4500 | ||
|---|---|---|---|
| 003 | OSt | ||
| 005 | 20170517150829.0 | ||
| 008 | 170511s2011 jo a frb 000 0 ara d | ||
| 015 | _a2010 / 17733 | ||
| 020 | _a9789772088092 | ||
| 040 |
_aEG-ScBUE _bara _cEG-ScBUE _dEG-ScBUE |
||
| 082 | 0 | 4 |
_a296.4 _bأ ب و _222 |
| 100 | 1 | _aأبو المجد، ليلى إبراهيم. | |
| 245 | 1 | 2 |
_aالتلمود : _bالذكر - الصلاة - الدعاء - تفسير الأحلام / _cتأليف ليلى إبراهيم أبو المجد، علاء تيسير أحمد. |
| 250 | _aط. 1. | ||
| 260 |
_aالقاهرة : _bمكتبة مدبولي، _c2011. |
||
| 300 |
_a536 ص. : _bإيض. ؛ _c24 سم. |
||
| 504 | _aيشتمل على إرجاعات ببليوجرافية. | ||
| 650 | 7 |
_aالتلمود _xتفاسير. _2BUEsh |
|
| 651 | _2BUEsh | ||
| 653 |
_bGGEN _cMay2017 |
||
| 700 | 1 | _aأحمد، علاء تيسير. | |
| 942 | _2ddc | ||
| 999 |
_c24843 _d24815 |
||